Katy Perry's VEVO Certified Music Videos - Statistics

General Stats
  • This quiz has been taken 54 times
    34 since last reset
  • The average score is 18 of 26
Answer Stats
Views Music Video % Correct
4.2B+ Roar
100%
4.0B+ Dark Horse (ft. Juicy J)
96%
1.5B+ Last Friday Night (T.G.I.F.)
96%
1.3B+ Hot N Cold
93%
799M+ California Gurls (ft. Snoop Dogg)
89%
1.5B+ Firework
89%
1.3B+ Bon Appétit (ft. Migos)
85%
731M+ E.T. (ft. Kanye West)
85%
318M+ I Kissed A Girl
85%
1.0B+ Wide Awake
85%
366M+ Teenage Dream
81%
994M+ Part Of Me
78%
107M+ Swish Swish (Audio - ft. Nicki Minaj)
74%
695M+ Swish Swish (ft. Nicki Minaj)
74%
1.0B+ The One That Got Away
74%
775M+ Chained to The Rhythm
70%
306M+ Birthday (Lyric Video)
67%
782M+ Unconditionally
67%
804M+ This Is How We Do
63%
201M+ Harleys In Hawaii
59%
161M+ Never Really Over
52%
103M+ Waking Up In Vegas
52%
158M+ Thinking Of You
44%
221M+ Rise
41%
154M+ Hey Hey Hey
26%
158M+ 365 (ft. Zedd)
22%
No matching quizzes found
Score Distribution
Percent of People with Each Score
Percentile by Number Answered
Your Score History
You have not taken this quiz since the last reset